Prueba de Escocia. - Estadísticas

Estadísticas generales
  • Esta prueba ha sido intentada 63 veces
  • La puntuación promedio es 9 de 15
Estadísticas de respuestas
Pregunta. Respuesta. % Correcto
Gentilicio. Escocés.
98%
Idioma oficial. Escocés / inglés
98%
Capital. Edimburgo
96%
Le pertenece al...... Reino Unido
96%
Continente ubicado. Europa
92%
Ciudad más grande en población. Glasgow
87%
Isla ubicada. Gran Bretaña
74%
¿Cuál fue el último mundial que estuvo? 1998
62%
¿Y el primero? 1954
51%
Religión. Cristianismo
47%
Cantidad de medallas de oro ganadas. 13
45%
Mayor exportación. Whisky
26%
Ciudad más grande en territorio. Highland
6%
Líder. John Swinney
6%
Río más largo. Río Tay
2%
No se encontraron pruebas coincidentes
Distribución de puntuación
Porcentaje de gente con cada puntuación
Porcentaje por número respondido
Historial de tus puntuaciones
No has intentado esta prueba.